000 01167nam a2200241Ia 4500
003 Ost
005 20260507075653.0
008 260507s9999||||xx |||||||||||||| ||und||
020 _a×070329957
040 _cfsecg
041 _aara
082 _a658
100 _aالعتيبي، صبحي جبر
_eمؤلف
245 0 _aتطور الفكر والأساليب في الإدارة /
_c صبحي جبر العتيبي
260 _aعمان:
_bدار حامد للنشر والتوزيع,
_c2005
300 _a399 صفحة؛
_bإيضاحات ؛
_c24 سم
504 _aالمراجع ص.397
520 _aنشأة وتطور مفهوم الإدارة- مدارس الفكر الإداري- العملية الإدارية- أنشطة الوظائف الإدارية- الممارسات السلوكية- إدارة التسويق والمبيعات- نظم المعلومات في الإدارة- الوظيفة المالية- العلاقات العامة- إدارة الموارد البشرية.
653 _aالإدارة- الأساليب
653 _aالتنمية الإدارية
653 _aالفكر الإداري
942 _cكتاب
999 _c45644
_d45644